Six Flags Magic Mountain Roller Coasters - Sudden Death - Statistics

General Stats
  • This quiz has been taken 48 times
  • The average score is 8 of 10
Answers on the Grid
Answers color-coded by a green-red scale on the quiz's grid according to % correct below.
The Beast
Vortex
Batman: The Ride
X2
Iron Gwazi
Ninja
Viper
Alpenfury
Leviathan
Tatsu
Orion
Gold Rusher
Racer
Twisted Colossus
Queen City Stunt Coaster
Pantheon
The Riddler's Revenge
Steel Vengeance
Goliath
Raptor
Corkscrew
Wonder Woman Flight of Courage
Time Traveler
Siren's Curse
Son of Beast
 
Answer Stats
Answer % Correct
X2
97%
Batman: The Ride
88%
Ninja
82%
Goliath
79%
Tatsu
79%
Viper
79%
The Riddler's Revenge
74%
Twisted Colossus
74%
Wonder Woman Flight of Courage
74%
Gold Rusher
65%
No matching quizzes found
Score Distribution
Percent of People with Each Score
Percentile by Number Answered
Your Score History
You have not taken this quiz